| 000 | 01196nam a2200301 i 4500 | ||
|---|---|---|---|
| 001 | bg | ||
| 100 | 1 |
_aŚciślewski, Zbigniew _d(1936-2005). |
|
| 245 | 1 | 0 |
_aProblemy techniczne użytkowania budynków wielkopłytowych / _cZbigniew Ściślewski, Marian Suchan ;Instytut Techniki Budowlanej. |
| 260 |
_aWarszawa : _bITB, _c2003. |
||
| 300 |
_a37 s. : _bwykr. ; _c24 cm. |
||
| 490 | 1 |
_aInstrukcje, Wytyczne, Poradniki / Instytut Techniki Budowlanej ; _aBudynki Wielkopłytowe - Wymagania Podstawowe _v81/2003 _vZ. 8 |
|
| 490 | 1 |
_aBudynki Wielkopłytowe - Wymagania Podstawowe _vZ. 8 |
|
| 500 | _aBezpieczeństwo użytkowania | ||
| 504 | _aBibliogr. | ||
| 650 | 9 |
_aBudownictwo _xochrona i konserwacja |
|
| 650 | 9 |
_aBudownictwo _xbezpieczeństwo |
|
| 700 | 1 | _aSUCHAN, Marian. | |
| 830 | 0 |
_aInstrukcje, Wytyczne, Poradniki - Instytut Techniki Budowlanej _vnr 81/2003 |
|
| 830 | _aBudynki Wielkopłytowe - Wymagania Podstawowe | ||
| 830 | 0 |
_aInstrukcje, Wytyczne, Poradniki - Instytut Techniki Budowlanej _vnr 81/2003 |
|
| 020 | _a8373705627 | ||
| 040 | _cBPK | ||
| 041 | 0 | _apol | |
| 080 | _a699.8 | ||
| 920 | _a83-7370-562-7 | ||
| 942 | _cKS | ||
| 008 | s pl f |000 0 pol | ||
| 999 |
_c42884 _d42884 |
||
| 856 |
_uhttp://koha.tu.koszalin.pl/cgi-bin/koha/opac-detail.pl?biblionumber=42884 _yKatalog online BPK |
||